Derivatives : (Record no. 77050)

MARC details
000 -LEADER
fixed length control field 00746nam a22002297a 4500
005 - DATE AND TIME OF LATEST TRANSACTION
control field 20130627151126.0
010 ## - LCCN (DPL NO)
LC control number ENG-107756
020 ## - INTERNATIONAL STANDARD BOOK NUMBER
International Standard Book Number 9781259097096
Terms of availability 650.00
020 ## - INTERNATIONAL STANDARD BOOK NUMBER
International Standard Book Number 1259097099
Terms of availability 650.00
035 ## - SYSTEM CONTROL NUMBER
System control number EN-91289
037 ## - SOURCE OF ACQUISITION
Source of stock number/acquisition DBAD/PUB
082 ## - DEWEY DECIMAL CLASSIFICATION NUMBER
Classification number 332.6457
100 ## - MAIN ENTRY--PERSONAL NAME
Personal name Sundaram, Rangarajan K.
245 ## - TITLE STATEMENT
Title Derivatives :
Statement of responsibility, etc by Rangarajan K. Sundaram, Sanjiv R. Das
Remainder of title principles and practice /
260 ## - PUBLICATION, DISTRIBUTION, ETC. (IMPRINT)
Name of publisher, distributor, etc Tata McGraw Hill
Date of publication, distribution, etc 2013
Place of publication, distribution, etc New Delhi
270 ## - ADDRESS
Address P-24, Green Park Extnsion
City New Delhi
Postal code 110016
300 ## - PHYSICAL DESCRIPTION
Extent xxi, 900p.
Dimensions 24cm(pbk)
Other physical details ill.
500 ## - GENERAL NOTE
General note Includes bibliographical references and index
650 ## - SUBJECT ADDED ENTRY--TOPICAL TERM
Topical term or geographic name as entry element Derivative securities
700 ## - ADDED ENTRY--PERSONAL NAME
Personal name Das, Sanjiv R.
942 ## - ADDED ENTRY ELEMENTS (KOHA)
Source of classification or shelving scheme Dewey Decimal Classification
Item type English Books
Call number suffix SUN
Classification part 332.6457
Holdings
Withdrawn status Lost status Not for loan Collection code Home library Current library Date acquired Source of acquisition Cost, normal purchase price Full call number Barcode Copy number Cost, replacement price Koha item type
    Not For Loan Non-fiction D.B.Act.Division D.B.Act.Division 27/06/2013 DBAD / PUB 650.00 332.6457 SUN EN-91289 1 650.00 English Books

© Delhi Public Library
Hit Counter
free hit counter